000 00561nac a22001811u 4500
020 _a812475692
082 _a627.52
_bGUP
090 _c9726
_d9726
100 _aGupta, B.L.
245 _aIrrigation Engineering /
_cB.L. Gupta, Amit Gupta.
260 _aNew Delhi:
_bSatya Prakashan, c.2000.
_cc.2000.
300 _a775:
_bill;
_c22cm.
500 _aDistributer : Al-Ahram.
511 _aCatalogued By: Mahitab.
650 _aIrrigation engineering.
700 _aGupta, Amit.
942 _cBB
_k627.52GUP
999 _c9726
_d9726